00789 2200229 4500001002100000005001700021008004100038035002500079040001200104082001200116084001700128100002100145245016100166260004800327300003300375500004700408504002900455650001500484700003000499850001200529990001800541INLIS00000000000937520150810093008.0  a0010-081500000000813 aYOPDYOG 223a370 aSK 370 Han P aHANTORO Budiarto aPresepsi siswa, guru dan orang tua terhadap ujian nasional ditinjau dari status sekolahb: (Studi kasus pada SMA-SMA di Kota Yogyakarta)c/ Hantoro Budiarto aYogyakartabUniversitas Sanata Dharmac2007 axviii, 78 lembarc; 29,5 cm. aSkripsi Program Studi pendidikan akuntansi aBibliografi : hlm. 77-78 aPendidikan aWIDANARTO Prijowuntato, S aYOPDYOG a47612-PD/A.15